000 00640nam a22002057a 4500
003 OSt
005 20180116183001.0
008 150112b xxu||||| |||| 00| 0 eng d
020 _a9781784151102
040 _a0
_c0
082 _a658.15 CIMA 2014
110 _aKaplan Financial Limited
245 _aFundamental of Business Mathematics
_bCIMA official Study Text Paper C03 2 Vol Set
_cKaplan Financial Limited
260 _aUK
_bKaplan Financial Limited
_c2014
300 _a600p.
_bPB
440 _aFundamental of Business Mathematics
610 _aKaplan Financial Limited
710 _aKaplan Financial Limited
942 _2ddc
_cBK
999 _c349843
_d349843